[Event "Rakvere Keres Memorial"]
[Site "Rakvere"]
[Date "1993.??.??"]
[Round "2"]
[White "Wojtkiewicz, Aleksander"]
[Black "Khalifman, Alexander"]
[Result "1-0"]
[WhiteElo "2570"]
[BlackElo "2645"]
[Annotator "Chekhov,V"]
[PlyCount "121"]
[EventDate "1993.09.??"]
[EventType "tourn"]
[EventRounds "10"]
[EventCountry "EST"]
[EventCategory "15"]
[SourceTitle "CBM 038"]
[Source "ChessBase"]
[SourceDate "1994.02.01"]
[SourceVersion "1"]
[SourceVersionDate "1994.02.01"]
[SourceQuality "1"]

1. Nf3 Nf6 2. c4 c6 3. Nc3 d5 4. e3 e6 5. d4 Nbd7 6. Qc2 Bd6 7. g4 h6 (7...
dxc4 8. Bxc4 e5 $1 9. g5 Nd5 10. Bd2 exd4 (10... N7b6 $5) 11. Nxd5 cxd5 12.
Bxd5 dxe3 {Krasenkov,M-Dokhoian,Y /BRD/1993 Inf 57/426/} 13. Qe4+ $5 $14) (7...
Nxg4 $5 8. Rg1 Nh6 (8... Qf6 9. Rxg4 Qxf3 10. Rxg7 Nf6 11. Rg1 Ne4 12. Nxe4
Qxe4 13. Qxe4 dxe4 14. Bg2 f5 15. f3 h5 16. Bh1 exf3 17. Bxf3 h4 18. h3 Bd7 19.
Bd2 $14 {Fedorovicz,J-Vucic,M /USA/1993 Inf 57/427/}) 9. Bd2 $1 Qe7 10. e4 dxe4
11. Nxe4 Nf5 12. O-O-O $16 {Shirov,A-Bangiev,A /Hamburg 1993/ Inf 57/427/}) (
7... O-O $6 8. g5 Nh5 9. Bd2 f5 10. gxf6 Nhxf6 11. Ng5 Qe8 12. O-O-O h6 13. h4
Bb4 14. Bd3 $16 {Shirov,A-Thorhallsson,T /Reykjavik/1992 Inf 54//428}) 8. h3 $5
$146 (8. Bd2 Qe7 (8... Nxg4 9. Rg1 Nxh2 10. Nxh2 Bxh2 11. Rxg7 Qf6 12. Rg2 Bd6
13. O-O-O $44) 9. h3 e5 10. cxd5 Nxd5 11. Nxd5 cxd5 12. dxe5 Nxe5 13. Nxe5 Bxe5
14. Bg2 $13) 8... e5 9. cxd5 cxd5 10. dxe5 Nxe5 11. Nxe5 Bxe5 12. Bd2 O-O (
12... d4 13. exd4 Bxd4 (13... Qxd4 14. O-O-O $36) 14. Nb5 Be5 15. Bb4 $16) 13.
Bg2 Be6 $6 (13... d4 $5) 14. f4 Bxc3 (14... Bc7 $5 15. O-O-O {/\f5/}) 15. Bxc3
Ne4 16. O-O (16. Bxe4 dxe4 17. Qxe4 Qd5 18. Qxd5 Bxd5 19. Rh2 Rfd8 $14) 16...
Nxc3 (16... Rc8 17. Bxe4 dxe4 18. Qxe4 Qd5 19. Qb4 $16) 17. Qxc3 f6 (17... Rc8
$6 18. Qd4 f6 19. Qxa7) 18. Rad1 Re8 $5 (18... Rc8 19. Qd4 Qb6 20. Qxb6 axb6
21. Bxd5 Bxd5 22. Rxd5 Rc2 23. Rf2) 19. Qb3 Qb6 20. Qxb6 axb6 21. a3 Rac8 22.
Rd2 Rc5 23. Rfd1 Rec8 24. Kf2 (24. Bxd5 Bxd5 25. Rxd5 Rxd5 26. Rxd5 Rc1+ 27.
Kf2 Rc2+ 28. Kf3 Rxb2 29. Rd7 $14) 24... Rc2 25. Ke2 Kf8 26. Rxc2 Rxc2+ 27. Rd2
Rxd2+ $6 (27... Rc5 $5) 28. Kxd2 $18 Ke7 29. Kc3 Kd6 30. a4 g5 31. Kd4 Bf7 32.
Bf3 Be6 33. f5 Bf7 34. b4 Be8 35. b5 Bf7 36. Bd1 Bg8 37. Bb3 Bf7 38. e4 Bg8 39.
Ba2 Bf7 40. Bxd5 Bxd5 41. exd5 Kc7 42. Kc3 Kd6 43. Kc4 Ke5 (43... Kc7 44. Kb4
Kd6 45. a5 Kxd5 (45... Kc7) (45... bxa5+ 46. Kxa5 Kxd5 47. Kb6 Kc4 48. Kxb7
Kxb5 49. Kc7 Kc5 50. Kd7 Kd5 51. Ke7 Ke5 52. Kf7 $18) 46. a6 bxa6 47. bxa6 Kc6
48. Ka4 $18) 44. a5 bxa5 45. Kc5 a4 46. d6 b6+ 47. Kc6 a3 48. d7 a2 49. d8=Q
a1=Q 50. Qd6+ Ke4 51. Kxb6 Kf3 52. Kb7 Kg2 53. Qd3 Qc1 54. b6 Qc5 55. Qb3 Kh2
56. Qf3 Qd4 57. Qc6 Kxh3 58. Kc8 Qb4 59. b7 Qf8+ 60. Kd7 Kxg4 61. Qc8 1-0

[Event "St Petersburg op"]
[Site "St Petersburg"]
[Date "1994.??.??"]
[Round "7"]
[White "Korotylev, Alexey"]
[Black "Neverov, Valeriy"]
[Result "1-0"]
[WhiteElo "2415"]
[BlackElo "2530"]
[Annotator "Chekhov,V"]
[PlyCount "81"]
[EventDate "1994.02.??"]
[EventType "swiss"]
[EventRounds "9"]
[EventCountry "RUS"]
[SourceTitle "CBM 041"]
[Source "ChessBase"]
[SourceDate "1994.08.01"]
[SourceVersion "1"]
[SourceVersionDate "1994.08.01"]
[SourceQuality "1"]

1. d4 d5 2. c4 e6 3. Nc3 c6 4. e3 Nf6 5. Nf3 Nbd7 6. Qc2 Bd6 7. Be2 O-O 8. O-O
Re8 9. Rd1 b6 (9... Qe7 $5 10. b3 (10. a3 h6 11. h3 b6 12. e4 Nxe4 13. Nxe4
dxe4 14. Qxe4 Bb7 15. Bf4 Bxf4 16. Qxf4 c5 17. Qc7 Rab8 18. dxc5 Nxc5 19. Qxe7
Rxe7 20. b4 Ne4 21. Rac1 e5 $10 {Ljubojevic,L-Illeskas Cordoba,M/Linares/1993/
Inf 58/475/}) (10. e4 dxe4 11. Nxe4 Nxe4 12. Qxe4 e5 13. Bg5 f6 (13... Qf8 $5)
14. Bh4 exd4 15. Qxd4 Bc5 16. Qc3 Nf8 {Marinwald,-Kramnik,V/Guarapuava/1991/
Inf 54/431/}) (10. h3 $5 b6 11. e4 dxe4 12. Nxe4 Nxe4 13. Qxe4 Bb7 14. Bf4 Rad8
15. Bxd6 Qxd6 16. Ne5 $14 {Karpov,A-Lautier,J/Biel/1992/1:0 (41) Inf 55/429/})
10... b6 11. e4 Nxe4 12. Nxe4 dxe4 13. Qxe4 Bb7 14. Bb2 Nf6 15. Qe3 c5 16. Ne5
Qc7 $1 17. h3 Ne4 $1 $10 {San Segundo,P-Kramnik,V/ESP/1993/0:1 (59) Inf 58/475/
}) 10. e4 Nxe4 11. Nxe4 dxe4 12. Qxe4 Bb7 13. Bd3 (13. Bf4 c5 $1 14. Qe3 (14.
Qxb7 Bxf4 15. dxc5 Nxc5) 14... Bxf4 15. Qxf4 cxd4 16. Qxd4 Nc5) (13. Bg5 Nf6
14. Qh4 h6) 13... f5 $5 (13... Nf6 14. Qh4 h6 15. c5 $5 Be7 16. Qg3) 14. Qe2 c5
15. Bc2 (15. dxc5 Nxc5 16. Bc2 Qc7) 15... Qc7 16. Ba4 $1 cxd4 $1 (16... Bxf3
17. Qxf3 Bxh2+ 18. Kh1 Bd6 19. Bxd7 Qxd7 20. dxc5 bxc5 21. Bf4 e5 22. Bxe5 $18)
17. Nxd4 Bxh2+ 18. Kh1 Nf6 $1 19. Bxe8 $6 (19. Nxe6 $5 Qe7 20. Kxh2 (20. Bxe8
Ng4 $1 {/\Qh4;21.Bg5 Qe8|^/}) 20... Qxe6 21. Qxe6+ Rxe6 $13) 19... Rxe8 20. Bg5
(20. Nxe6 $2 Qc6 21. f3 Rxe6) 20... Ne4 21. Be3 Be5 22. Nf3 Bf6 23. Kg1 f4 $1
24. Bc1 g5 25. Ne1 $6 (25. Nd2 $5) 25... Qc5 26. a4 (26. Nd3 Qf5) 26... Bd4 27.
Nd3 Qf5 (27... Qxc4 $5 28. Nxf4 Bxf2+ 29. Kh2 Qc7 30. Qh5 (30. Qg4 Bg3+) 30...
Rf8) 28. Kh2 e5 $19 29. Qh5 Nf6 30. Qh3 Ng4+ 31. Kg1 Re6 (31... e4 $5 32. Qh5
Rf8 $19) 32. Qh5 Kg7 (32... Bc6 {/\Rh6-+/}) 33. Ra3 Nf6 $6 (33... Bc6 $5) 34.
Qh1 (34. Qh3 Ng4) 34... Ne4 (34... Ng4 $5 35. Qh5 Bc6) 35. Qh3 g4 (35... Qxh3
36. gxh3 Rh6) 36. Qh4 g3 37. Kf1 gxf2 $6 (37... f3 $1 $40) 38. Nxf4 $1 exf4 39.
Rxd4 Ng3+ (39... Rh6 $5 40. Qe7+ Kg6) 40. Rxg3+ fxg3 41. Qxg3+ (41. Qxg3+ Rg6 (
41... Kf8 42. Rf4) 42. Qc7+ Kh8 43. Qxb7 $18) 1-0

[Event "Olympiad-32"]
[Site "Yerevan"]
[Date "1996.09.28"]
[Round "12.3"]
[White "Safin, Shukhrat"]
[Black "Novikov, Igor A"]
[Result "0-1"]
[WhiteElo "2510"]
[BlackElo "2585"]
[Annotator "Chekhov,V"]
[PlyCount "74"]
[EventDate "1996.09.15"]
[EventType "team-swiss"]
[EventRounds "14"]
[EventCountry "ARM"]
[SourceTitle "CBM 055"]
[Source "ChessBase"]
[SourceDate "1996.12.01"]
[SourceVersion "1"]
[SourceVersionDate "1996.12.01"]
[SourceQuality "1"]
[WhiteTeam "Uzbekistan"]
[BlackTeam "Ukraine"]
[WhiteTeamCountry "UZB"]
[BlackTeamCountry "UKR"]

1. d4 d5 2. c4 e6 3. Nc3 c6 4. e3 Nf6 5. Nf3 Nbd7 6. Qc2 Bd6 7. Bd2 O-O 8.
O-O-O c5 9. Kb1 a6 10. cxd5 exd5 11. Bc1 (11. h3 $6 b5 12. Be1 Bb7 13. g4 b4
14. Na4 Rc8 15. Nxc5 Bxc5 16. dxc5 d4 17. Qe2 Be4+ 18. Ka1 Nxc5 $19 {Kutirov,
R-Ribli,Z/Moscow/1994/0|1/23/}) 11... c4 (11... b5 $5 12. dxc5 (12. e4 $6 dxe4
13. Nxe4 Nxe4 14. Qxe4 Nf6 15. Qh4 c4 16. Bg5 Bf5+ 17. Ka1 c3 $1 $36 {
Schlosser,P-O Donnell,T/Budapest/1991/0,5/54/}) 12... Nxc5 13. Nxd5 Nxd5 14.
Rxd5 Bb7 15. Rd4 Qe7 16. Bd3 g6 17. Rd1 Rac8 18. Qe2 Ne6 $132 {Cifuentes
Parada,R-Barbero,F/Buenos Aires/1991/0,5/55/}) 12. g4 Nb6 $6 {T/} (12... b5 13.
g5 Ne8 14. Nxd5 Bb7 15. e4 Bxd5 16. exd5 Nc7 17. Ne5 Nxd5 18. Bg2 N7b6 19. Be4
g6 20. h4 $36 {Kakageldyev,A-Korneev,O/Ashkhabad/1996/0|1/40/}) 13. h3 Re8 14.
Bg2 Bd7 15. Ne5 $1 Bxe5 (15... Rc8 16. f4 $16) 16. dxe5 Rxe5 17. f4 Re8 18. e4
(18. g5 Ne4 19. Nxe4 dxe4 20. Bxe4 Qe7 21. Bxh7+ Kh8 $13) 18... Bc6 (18... dxe4
19. Nxe4 (19. g5 $5 Nh5 20. Bxe4 $146) 19... Nxe4 20. Bxe4 Qc7 (20... Qe7 21.
Rhe1 $36) 21. Bxh7+ Kh8 22. Bf5 (22. Be4 Ba4 23. b3 Rxe4 24. Qxe4 cxb3 25. axb3
Bxb3 $132) 22... Bxf5 23. Qxf5 Re2 $13) (18... Nxe4 19. Nxd5 Nxd5 20. Rxd5 Nf6
21. Rd4 $36) 19. g5 Nh5 20. Bf3 Nxf4 $6 (20... g6 21. Bxh5 $6 (21. exd5 $5 Bd7
22. Ka1 Bf5 23. Qf2 $16) 21... gxh5 22. exd5 Nxd5 23. Nxd5 Bxd5 $132) 21. Bxf4
d4 22. Qf2 (22. Nd5 $5 d3 $6 (22... Nxd5 $5 23. Rxd4 (23. exd5 $2 Bxd5 24. Rxd4
Bxf3 $1 25. Rxd8 Raxd8 $146) 23... Qb6 (23... Nxf4 $1 24. Rxd8 Raxd8 25. Qxc4
Rd3 26. Rf1 Rxf3 27. Rxf3 Bxe4+ 28. Kc1 Bxf3 29. Qxf4 $10) 24. Rxd5 Bxd5 25.
exd5 $16) 23. Qg2 $16) (22. Qg2 $5 Rc8 23. Nd5 d3 24. h4 $36) 22... d3 23. Rhf1
(23. h4 $5) 23... Nd7 24. Qd4 b5 25. Bh5 (25. Nd5 $5 Nf8 $132) (25. h4 $5)
25... g6 26. Bg4 Qb6 27. Qd6 $6 (27. Qxb6 $5 Nxb6 28. Bc7 $2 (28. Bf3 $5 b4 29.
Nd5 $13) 28... b4 $1 $36) 27... Rad8 28. Be3 Qxe3 (28... Qb7 $5) 29. Qxc6 Ne5
30. Qxa6 b4 31. Rfe1 (31. Nd5 $5 Rxd5 32. exd5 c3 33. Ka1 c2 34. Rc1 (34. Rde1
d2 $19) 34... Nxg4 35. hxg4 d2 36. Rxc2 Qe1+ $19) 31... Qf2 32. Nd5 c3 $19 33.
bxc3 bxc3 34. Nf6+ (34. Nxc3 Qc2+ $19) 34... Kh8 35. Qa3 Ra8 (35... c2+ 36. Ka1
Qd4+ 37. Qb2 Qxb2+ 38. Kxb2 cxd1=Q 39. Rxd1 Re7 $19) 36. Qxc3 Qxa2+ 37. Kc1
Reb8 0-1

[Event "Groningen PCA"]
[Site "Groningen"]
[Date "1993.??.??"]
[Round "5"]
[White "Tukmakov, Vladimir B"]
[Black "Illescas Cordoba, Miguel"]
[Result "1/2-1/2"]
[WhiteElo "2600"]
[BlackElo "2625"]
[Annotator "Chekhov,V"]
[PlyCount "101"]
[EventDate "1993.12.??"]
[EventType "swiss"]
[EventRounds "11"]
[EventCountry "NED"]
[SourceTitle "CBM 039"]
[Source "ChessBase"]
[SourceDate "1994.04.01"]
[SourceVersion "1"]
[SourceVersionDate "1994.04.01"]
[SourceQuality "1"]

1. d4 d5 2. c4 c6 3. Nc3 Nf6 4. Nf3 e6 5. e3 Nbd7 6. Qc2 Bd6 7. g4 h6 (7...
dxc4 8. Bxc4 e5 9. g5 Nd5 10. Bd2 $1 exd4 (10... N7b6 $1 11. Bxd5 (11. Nxd5
cxd5 12. Bb5+ Bd7 13. Bxd7+ Nxd7 14. dxe5 Nxe5 15. Nxe5 Bxe5 $132) 11... cxd5
12. dxe5 (12. Nxe5 Bxe5 13. dxe5 Qxg5 $17) 12... Bg4 $36) 11. Nxd5 cxd5 12.
Bxd5 dxe3 {Krasenkov,M-Dokhoian,Y/BRD/1993/0,5 (27) Inf 57/426/} 13. Qe4+ Qe7
14. Qxe7+ Kxe7 15. Bxe3 $14) (7... Nxg4 8. Rg1 Qf6 9. Rxg4 Qxf3 10. Rxg7 Nf6
11. Rg1 Ne4 12. Nxe4 (12. Bg2 $5 Qg4 13. Nxe4 dxe4 14. Qxe4) 12... Qxe4 13.
Qxe4 dxe4 14. Bg2 f5 15. f3 h5 16. Bh1 exf3 (16... Bxh2 $5) 17. Bxf3 h4 (17...
Bxh2 $5) 18. h3 $14 {Fedorowicz,J-Vucic,M/New York/1993/ Inf 57/427/}) 8. Rg1
$5 $146 (8. Bd2 Qe7 (8... Nxg4 9. Rg1 Nxh2 10. Nxh2 Bxh2 11. Rxg7 Qf6 12. Rg2
Bd6 13. O-O-O $44 {Pein,M-Kraidman,Y/Tel Aviv/1992/ Inf 54/428/}) 9. h3 e5 10.
cxd5 Nxd5 11. Nxd5 cxd5 12. dxe5 Nxe5 13. Nxe5 Bxe5 14. Bg2 $13 {Pein/}) 8...
e5 $1 9. cxd5 Nxd5 $6 (9... cxd5 $5 10. Nb5 Bb8 $13) 10. Ne4 (10. Nxd5 cxd5 11.
dxe5 Nxe5 12. Nxe5 Bxe5 $36) 10... Bb4+ 11. Bd2 Bxd2+ 12. Qxd2 Qe7 13. O-O-O
exd4 14. Qxd4 N7f6 15. Bd3 Nxe4 16. Bxe4 Nf6 17. Bc2 (17. Bf5 $5) 17... Be6 18.
g5 (18. h4 $5 $14) 18... hxg5 19. Nxg5 (19. Rxg5 $5 g6 {/\Rh5/}) 19... Rxh2 $1
20. Nxe6 fxe6 21. Qf4 Rh6 22. Qe5 $6 (22. Rg5 $5 $44) 22... Kf8 $5 23. Bb3 Re8
24. f4 $2 (24. Kb1 $5) 24... Rh5 $1 25. Rg5 (25. Qd4 Qc5+ $17) 25... Ng4 26.
Rxh5 $8 (26. Qa5 Rxg5 27. fxg5 Nxe3 $17) (26. Qd4 Rxg5 27. fxg5 Qxg5 28. Qd6+
Qe7) 26... Nxe5 27. Rxe5 Qh4 $6 (27... g6 $1 28. Bxe6 (28. Rxe6 Qc5+) 28... Qf6
(28... Rd8 $5) 29. Rd6 Kg7 $17) 28. Bxe6 g6 29. Rd4 Qf6 (29... Kg7 $1) 30. Rde4
Rd8 31. a4 Qh4 32. Kb1 Qe1+ 33. Ka2 Rd1 $6 (33... b5 $5) 34. Bg4 $1 Rd8 (34...
Ra1+ 35. Kb3 $36) 35. f5 Rd6 36. Re8+ Kg7 37. R8e7+ Kh6 38. Rxb7 $13 gxf5 (
38... Qd2 $5) (38... c5 $5) 39. Bxf5 Rd1 $2 (39... Qd1 $1 40. Be6 Qc2 41. Rbb4
a5 $10) 40. Bg4 Rd6 41. Rxa7 Qd2 42. Be6 (42. Re5 $5) 42... Rd3 43. Rc7 Qc2 (
43... Rxe3 44. Rxe3 Qxe3 45. Rxc6 $16) 44. Bg8 $2 Ra3+ 45. Kxa3 Qxe4 46. b3 Qg6
47. Rc8 $8 Qd6+ 48. b4 Qd7 49. Ra8 Qd3+ $10 50. Bb3 Qc3 51. Re8 (51. Re8 Qa1+
52. Ba2 Qc3+ $10) 1/2-1/2

[Event "Orel"]
[Site "Orel"]
[Date "1995.??.??"]
[Round "6"]
[White "Pushkov, Nikolai"]
[Black "Chekhov, Valery A"]
[Result "1/2-1/2"]
[WhiteElo "2505"]
[BlackElo "2500"]
[Annotator "Chekhov,V"]
[PlyCount "99"]
[EventDate "1995.??.??"]
[EventType "tourn"]
[EventRounds "9"]
[EventCountry "RUS"]
[EventCategory "10"]
[SourceTitle "CBM 048"]
[Source "ChessBase"]
[SourceDate "1995.10.01"]
[SourceVersion "1"]
[SourceVersionDate "1995.10.01"]
[SourceQuality "1"]

1. d4 d5 2. c4 c6 3. Nf3 Nf6 4. Qc2 e6 5. e3 Nbd7 6. Nc3 Bd6 7. Be2 O-O 8. O-O
e5 9. cxd5 cxd5 10. Nb5 (10. dxe5 Nxe5 11. Rd1 Nxf3+ 12. Bxf3 Qc7 13. h3 Bh2+
14. Kh1 Be5 15. Bd2 Be6 16. Be1 Rfd8 17. Qe2 a6 $10 {Gurevich,M-Khalifman,A/
Biel/1993/0:1/53/}) 10... Bb8 11. dxe5 Nxe5 12. Nxe5 {N/} (12. Bd2 Ne4 (12...
Bg4 13. Nbd4 Ne4 14. Bb4 Re8 15. Rad1 Qb6 16. Nxe5 Bxe2 17. Nxe2 Bxe5 18. Bc3
Qc7 19. h3 Qc4 {Karpov,A-Kortschnoj,V/Amsterdam/1991/0,5/19/}) 13. Rad1 Bg4 14.
Nbd4 Qf6 15. Qb3 Qh6 16. Nxe5 Bxe5 17. f4 Bxd4 $1 18. Bxg4 Bb6 $10 {Browne,
W-Polgar Z/USA/1991/0,5/32/}) 12... Bxe5 13. f4 $5 Bb8 14. Bd2 a6 15. Nd4 Re8
16. Rae1 Ba7 17. Bf3 Bg4 $6 (17... Bxd4 $1 18. exd4 Bg4 19. Re5 Bxf3 20. Rxf3
Ne4 $15) 18. Bc3 Qd7 19. b3 Rac8 20. Qd3 Ne4 (20... Bxf3 21. gxf3 Qh3 22. Re2
Nh5 23. Rg2 $13) 21. Bb2 Bxf3 22. gxf3 Nc5 23. Qd2 Ne6 24. Rf2 $1 $132 g6 25.
Rg2 Qc7 (25... Nxd4 26. Bxd4 Bxd4 27. Qxd4 Qc6 28. Rd2 Qc3 29. Qxc3 Rxc3 30.
Kf2 $16) 26. Nxe6 Rxe6 27. f5 (27. Be5 Qc6 28. Qb2 f6 29. Bd4 Bxd4 30. Qxd4 Qc3
$10) 27... Rxe3 $3 28. Rxe3 Qf4 29. Rge2 Re8 30. Kh1 $1 (30. Kf2 $6 Rxe3 31.
Rxe3 Bxe3+ 32. Qxe3 Qxh2+ 33. Kf1 Qxb2 $19) 30... Bxe3 (30... Rxe3 31. Qxd5 $1
Qb8 (31... Qxf3+ $4 32. Qxf3 Rxf3 33. Re8#) 32. Rxe3 Bxe3 33. Qd3 Bg5 34. Qc3
f6) 31. Qxd5 Qg5 (31... Qxf5 $2 32. Qxf5 gxf5 33. Rg2+ Kf8 34. Ba3+ $18) 32.
Qd1 Rd8 $1 33. Qe1 Rd3 $15 34. fxg6 hxg6 35. Rc2 Qd8 36. Kg2 $8 Bd4 37. Bxd4
Qxd4 38. Qf2 (38. Rc8+ Kg7 39. Qe8 Rd2+ 40. Kh3 Qd7+ 41. Qxd7 Rxd7 $15) 38...
Kg7 $6 (38... Qf6 $5) 39. Qxd4+ Rxd4 40. Kg3 g5 41. Rc7 Rb4 42. Rc5 Kg6 43. Rd5
f6 44. Rd7 Kf5 45. Rd5+ Ke6 46. Rc5 b6 47. Rc6+ Ke5 48. Rc8 a5 49. Re8+ Kd4 $1
50. Rc8 $1 $10 1/2-1/2

[Event "RUS-chT2"]
[Site "Orel"]
[Date "1996.??.??"]
[Round "?"]
[White "Chekhov, Valery A"]
[Black "Filipenko, Alexander V"]
[Result "1-0"]
[WhiteElo "2505"]
[BlackElo "2425"]
[Annotator "Chekhov,V"]
[PlyCount "79"]
[EventDate "1996.??.??"]
[EventType "team"]
[EventRounds "9"]
[EventCountry "RUS"]
[SourceTitle "EXT 1999"]
[Source "ChessBase"]
[SourceDate "1998.11.16"]
[SourceVersion "1"]
[SourceVersionDate "1998.11.16"]
[SourceQuality "1"]

1. c4 c6 2. d4 d5 3. Nf3 Nf6 4. Nc3 e6 5. e3 Nbd7 6. Qc2 Bd6 7. Be2 b6 $5 8.
O-O (8. cxd5) 8... Bb7 9. Rd1 (9. e4 Nxe4 10. Nxe4 dxe4 11. Qxe4 Nf6 (11... Qc7
) 12. Qc2 c5 13. dxc5 bxc5 14. Qa4+ Qd7 15. Qxd7+ Kxd7 16. Rd1 Ke7 17. h3 a5
$11) 9... Qe7 10. b3 O-O 11. Bb2 Ba3 $5 $146 (11... Rfd8 $5 12. e4 dxe4 13.
Nxe4 Nxe4 14. Qxe4 Nf6 15. Qe3 c5 16. Ne5 cxd4 17. Bxd4 Nd7 18. h3 $14) 12.
Bxa3 Qxa3 13. Rd2 Rfd8 14. Rad1 Qe7 15. h3 $14 c5 $5 (15... h6 $5) 16. cxd5
Nxd5 (16... exd5 $5 17. Qb2 Ne4 18. Rc2 $14) 17. Nxd5 exd5 $6 (17... Bxd5 $5
18. e4 Bb7 19. d5 exd5 20. exd5 Qd6 21. Ng5 Nf6 $13) 18. Qb2 a5 (18... Rdc8 19.
Qa3 $16) 19. Bb5 Nf6 20. Rc2 a4 $6 (20... Ne4 $5 21. Ne5 $1 $14 (21. dxc5 bxc5
22. Qe5 Kf8 $1)) 21. Bxa4 $1 (21. bxa4 c4 $132) (21. dxc5 axb3 22. axb3 bxc5
$13) 21... Ra5 (21... Ba6 22. Bc6 Rac8 23. Qa3 $1 $16) 22. dxc5 bxc5 (22... b5
23. c6 Bc8 24. c7 Rd7 25. Qc3 $16) 23. Qe5 Kf8 $1 24. Rdc1 Ne4 25. Qxe7+ Kxe7
26. Ne5 Ke6 $1 27. Nc6 $1 (27. f3 $6 Kxe5 28. fxe4 Kxe4 29. Rxc5 Rxc5 30. Rxc5
Kxe3 31. Rc7 Ba6 $13) (27. Nd3 c4 28. Nb2 Nc5) 27... Bxc6 28. Bxc6 Rd6 (28...
Kd6 $4 29. Bxd5 $1 $18) (28... Rc8 29. b4 $1 Ra3 (29... cxb4 $2 30. Bxd5+ $18)
30. b5 $16) 29. Bb7 Rb6 (29... Kd7 30. f3 Nf6 31. Rxc5 Rxa2 32. Rc7+ $16) 30.
Bc8+ Kd6 31. Bf5 Nf6 (31... Rba6 32. Bxe4 dxe4 33. g4 $16) 32. Bd3 h6 33. g4
$16 Nd7 34. Kg2 Ne5 35. Bf1 Nc6 36. Rd2 Nb4 37. a4 Nc6 (37... Na6 $5 38. Bc4
Nc7 39. e4 d4 40. f4 $16) 38. Bb5 Raxb5 (38... Na7 39. Bc4 $18) (38... Ne7 39.
Rdc2 $18) 39. axb5 Rxb5 40. Rc3 $18 1-0

[Event "RUS-ch"]
[Site "Elista"]
[Date "1995.??.??"]
[Round "6"]
[White "Ibragimov, Ildar"]
[Black "Bareev, Evgeny"]
[Result "0-1"]
[WhiteElo "2580"]
[BlackElo "2650"]
[Annotator "Chekhov,V"]
[PlyCount "82"]
[EventDate "1995.10.??"]
[EventType "swiss"]
[EventRounds "11"]
[EventCountry "RUS"]
[SourceTitle "CBM 050"]
[Source "ChessBase"]
[SourceDate "1996.02.01"]
[SourceVersion "1"]
[SourceVersionDate "1996.02.01"]
[SourceQuality "1"]

1. d4 d5 2. c4 c6 3. Nc3 Nf6 4. e3 e6 5. Nf3 Nbd7 6. Bd2 b6 $5 {/N/} (6... Ne4
$5 7. Nxe4 (7. Bd3 f5) 7... dxe4 8. Ne5 c5 9. Nxd7 Bxd7 10. dxc5 Bxc5 11. Qg4
Qf6 12. Rb1 (12. Bc3 Bb4 $1 13. Bxb4 Qxb2) 12... e5 13. Qg3 h5 $36 {Gurevich,
D-Hector,J/Geneva/1994/0,5/37/}) (6... Bd6 7. Bd3 O-O 8. O-O e5 (8... dxc4 $5
9. Bxc4 e5) (8... Qe7 $5) 9. cxd5 cxd5 10. Nb5 Bb8 11. dxe5 Nxe5 12. Nxe5 Bxe5
13. Bc3 Bb8 14. Bd4 a6 15. Nc3 $14 {Vyzmanavin,A-Kaidanov,G/Groningen/1993/0,5/
99/}) 7. Bd3 (7. Qc2 $5 Bb7 8. O-O-O $132) 7... Bb7 8. O-O Be7 9. e4 $6 (9. Qe2
$5) 9... dxe4 10. Nxe4 c5 11. Qe2 cxd4 12. Nxd4 Ne5 13. Nxf6+ Bxf6 14. Be4 Bxe4
15. Qxe4 Rc8 16. Bc3 (16. b3 $2 Nxc4 17. Nxe6 Nxd2 $19) 16... Rxc4 17. Rad1 O-O
18. Qe2 Qd5 $1 (18... Qc8 19. Nb5 $36) 19. Rfe1 Ng6 20. Nf3 (20. Nf5 Nf4 (20...
Qc6 $5) 21. Qf1 Qc6 22. Bxf6 exf5 23. Be5 Ng6 $15) 20... Qc5 21. Bxf6 gxf6 22.
g3 Rc2 23. Rd2 Rxd2 24. Qxd2 Rc8 $17 25. h4 h5 26. Rd1 (26. Qh6 Qd5 27. Nd2 f5
$17) 26... Kg7 27. Qe2 Qf5 28. Nd4 (28. Kg2 Rc2 29. Rd2 Qg4 $1 30. Qe3 Rxd2 31.
Qxd2 Qe4 $19) 28... Qg4 29. Qxg4 hxg4 30. f4 Ne7 31. Kf2 (31. Rd2 $5 Kg6 32.
Kf2) 31... e5 32. Ne2 Rc2 $19 33. Ke3 Kg6 (33... Rxb2 34. Rd7 Nf5+ 35. Ke4
Rxe2+ (35... Kg6 $1 $19) 36. Kxf5 Rxa2 37. Kxg4 a5 $17) 34. fxe5 fxe5 35. Rd6+
(35. Rd2 Rxd2 36. Kxd2 Nd5 37. Kd3 f5 $19) 35... f6 36. Kd3 Rxb2 37. Nc3 Nf5
38. h5+ Kf7 (38... Kxh5 39. Rxf6 Nxg3 $19) 39. Rc6 (39. Rd7+ Ke6 40. Rxa7 Nxg3
41. h6 Rh2 $19) 39... Nxg3 40. h6 Rh2 41. Rc7+ Kg6 0-1

[Event "St Petersburg zt"]
[Site "St Petersburg"]
[Date "1993.??.??"]
[Round "7"]
[White "Vyzmanavin, Alexey"]
[Black "Yakovich, Yuri"]
[Result "1-0"]
[WhiteElo "2620"]
[BlackElo "2510"]
[Annotator "Chekhov,V"]
[PlyCount "89"]
[EventDate "1993.01.??"]
[EventType "swiss"]
[EventRounds "9"]
[EventCountry "RUS"]
[SourceTitle "CBM 034"]
[Source "ChessBase"]
[SourceDate "1993.06.01"]
[SourceVersion "1"]
[SourceVersionDate "1993.06.01"]
[SourceQuality "1"]

1. d4 d5 2. c4 e6 3. Nc3 c6 4. e3 Nf6 (4... f5 $5) 5. Nf3 Nbd7 6. Qc2 Bd6 7.
Be2 O-O 8. O-O b6 $5 (8... Qe7 9. Rd1 b6 10. e4 dxe4 11. Nxe4 Nxe4 12. Qxe4 Bb7
13. Bf4 $1 Nf6 14. Bxd6 Qxd6 15. Qe3 $14 {Epishin,V-Chekhov,V/Podolsk/1992/})
9. e4 dxe4 10. Nxe4 Nxe4 11. Qxe4 Bb7 12. Rd1 Rb8 $6 (12... Re8 $5) 13. Bd3 g6
(13... Nf6 14. Qh4 $36) 14. Ng5 Re8 (14... h6 15. Nxe6 $18) 15. Qh4 Nf8 16. c5
$1 $16 Bc7 (16... bxc5 17. dxc5 Bxc5 18. Bf4 $18) 17. Bf4 Rc8 (17... Qxd4 18.
Be4 $18) 18. Qg3 Bxf4 19. Qxf4 Qc7 20. Qe3 Red8 (20... e5 21. Bc4 exd4 22. Qxd4
) 21. Ne4 Qe7 22. g3 Kg7 23. h4 Rc7 24. Nd6 Rcd7 25. h5 Rxd6 (25... gxh5 $5)
26. cxd6 Rxd6 27. h6+ Kg8 28. Be4 Nd7 29. Bf3 Nf6 30. Qe5 Ne8 31. Rac1 f6 32.
Qe3 Nc7 33. Rc4 Qd7 34. a4 Nd5 (34... e5 35. Qb3) 35. Qb3 Ne7 36. g4 g5 37. a5
b5 38. Rc5 Kf7 (38... Ng6 $5) 39. Qc2 Kg8 (39... Ng6) 40. Be4 $18 Rxd4 (40...
Nd5 41. Bxd5 exd5 42. Qf5) (40... Nc8 41. Qd3 {/\ Qf3}) 41. Bxh7+ Kh8 42. Rxd4
Qxd4 43. Be4 Nd5 44. Bxd5 exd5 45. Qf5 1-0